000 02822cam a2200289 i 4500
001 991107244613006196
005 20250328092507.0
008 221019t20232023maua b 001 0 eng d
020 _a9781647824693
_q(hardback)
035 _a(OCoLC)1350640142
035 _a(OCoLC)on1350640142
040 _aUKMGB
_beng
_erda
_cUKMGB
_dOCLCF
_dJVK
_dBKL
_dGO3
_dHUL
_dOCO
_dUOK
_dINR
_dWKM
_dYDX
050 1 4 _aHF5548.2
_b.D38 2023
100 _aDavenport, Thomas H.
_d1954-
_eauthor.
_923221
245 1 0 _aAll-in on AI
_b: how smart companies win big with artificial intelligence
_c/ Thomas H. Davenport, Nitin Mittal.
246 3 _aAll-in on artificial intelligence
246 3 0 _aHow smart companies win big with artificial intelligence
264 1 _aBoston :
_bHarvard Business Review Press,
_c[2023]
300 _a216 pages :
_billustrations ;
_c24 cm
504 _aIncludes bibliographical references and index.
505 _aWhat Does It Mean to Be AI Fueled — The Human Side — Strategy — Technology and Data — Capabilities — Industry Use Cases — Becoming AI Fueled .
520 _aA fascinating look at the trailblazing companies using artificial intelligence to create new competitive advantage, from the author of the business classic, Competing on Analytics, and the head of Deloitte's US AI practice. Though most organizations are placing modest bets on artificial intelligence, there is a world-class group of companies that are going all-in on the technology and radically transforming their products, processes, strategies, customer relationships, and cultures. Though these organizations represent less than 1 percent of large companies, they are all high performers in their industries. They have better business models, make better decisions, have better relationships with their customers, offer better products and services, and command higher prices. Written by bestselling author Tom Davenport and Deloitte's Nitin Mittal, All-In on AI looks at artificial intelligence at its cutting edge from the viewpoint of established companies like Anthem, Ping An, Airbus, and Capital One. Filled with insights, strategies, and best practices, All-In on AI also provides leaders and their teams with the information they need to help their own companies take AI to the next level. If you're curious about the next phase in the implementation of artificial intelligence within companies, or if you're looking to adopt this powerful technology in a more robust way yourself, All-In on AI will give you a rare inside look at what the leading adopters are doing, while providing you with the tools to put AI at the core of everything you do.
650 0 _aBusiness
_xData processing
_97722
650 0 _aArtificial Intelligence
_914147
700 _aMittal, Nitin
_c(AI innovator),
_eauthor.
942 _2lcc
999 _c4607
_d4607